[Event "Bad Woerishofen op 38th"]
[Site "Bad Woerishofen"]
[Date "2023.03.05"]
[Round "3"]
[White "Kretschel, Klaus"]
[Black "Stiller, Patrick"]
[Result "0-1"]
[WhiteElo "1995"]
[BlackElo "2182"]
[PlyCount "64"]
[EventDate "2023.03.03"]
[EventType "swiss"]
[EventRounds "9"]
[EventCountry "GER"]
[SourceTitle "CBM 213 Extra"]
[Source "ChessBase"]
[SourceDate "2023.05.31"]
[SourceVersion "1"]
[SourceVersionDate "2023.05.31"]
[SourceQuality "1"]

1. e4 c5 2. Nf3 d6 3. Bb5+ Bd7 4. Bxd7+ Qxd7 5. c4 Nf6 6. Nc3 Nc6 7. d4 cxd4 8. Nxd4 Nxd4 9. Qxd4 g6 10. 0-0 Bg7 11. Bd2 0-0 12. Qd3 Rac8 13. Rac1 Rfd8 14. b3 b6 15. h3 h6 16. a4 Qb7 17. Nd5 Nh7 18. a5 e6 19. Ne3 Nf6 20. f3 Nd7 21. Kh1 Nc5 22. Qb1 b5 23. b4 Nd7 24. Qb3 Ne5 25. cxb5 Qxb5 26. Rfd1 Qe2 27. Be1 Rxc1 28. Rxc1 Nd3 29. Rd1 Nxe1 30. Qb1 Bc3 31. Qc1 Bxb4 32. Qc7 Rf8 0-1

[Event "Munich OIS op 37th"]
[Site "Munich"]
[Date "2017.10.04"]
[Round "5"]
[White "Kretschel, Klaus"]
[Black "Boehm, Juergen1111"]
[Result "0-1"]
[WhiteElo "2037"]
[BlackElo "2218"]
[PlyCount "126"]
[EventDate "2017.09.30"]
[EventType "swiss"]
[EventRounds "9"]
[EventCountry "GER"]
[SourceTitle "CBM 181 Extra"]
[Source "ChessBase"]
[SourceDate "2017.12.12"]
[SourceVersion "1"]
[SourceVersionDate "2017.12.12"]
[SourceQuality "1"]

1. d4 d5 2. Bf4 Nf6 3. e3 c5 4. c3 Nc6 5. Nd2 cxd4 6. exd4 Bf5 7. h3 e6 8. Qb3 Qc8 9. Ngf3 h6 10. Ne5 Be7 11. Be2 0-0 12. g4 Bh7 13. h4 Nxe5 14. dxe5 Ne4 15. Nxe4 Bxe4 16. f3 Bh7 17. g5 h5 18. Be3 Bf5 19. Rd1 Bc5 20. Bxc5 Qxc5 21. Rd4 Rfc8 22. Rh2 Rab8 23. f4 g6 24. Qb4 b6 25. Ba6 Rc7 26. Rhd2 Qxb4 27. Rxb4 Rc5 28. Be2 a5 29. Rb5 Kf8 30. Rd4 Rxb5 31. Bxb5 Rc8 32. Kd2 Ke7 33. a3 Bb1 34. b4 Bf5 35. bxa5 bxa5 36. Ra4 Ra8 37. c4 dxc4 38. Bxc4 Be4 39. Bb5 Bd5 40. Kd3 Kd8 41. Rd4 Kc7 42. Bc4 Bxc4+ 43. Kxc4 Rb8 44. Kc5 Rb3 45. Ra4 Rc3+ 46. Kb5 Rb3+ 47. Kxa5 Kc6 48. Rc4+ Kd5 49. Rc7 Rxa3+ 50. Kb6 Rb3+ 51. Ka6 Rh3 52. Rxf7 Rxh4 53. Rf6 Rg4 54. Kb5 h4 55. Rxg6 Rxf4 56. Rh6 Kxe5 57. g6 Rg4 58. Kc5 Kf5 59. g7 Rxg7 60. Rxh4 e5 61. Kc4 Rg4+ 62. Rxg4 Kxg4 63. Kd3 Kf3 0-1

[Event "Bad Woerishofen op 33rd"]
[Site "Bad Woerishofen"]
[Date "2017.03.16"]
[Round "7"]
[White "Kretschel, Klaus"]
[Black "Burkhardt, Wilfried"]
[Result "1-0"]
[WhiteElo "2026"]
[BlackElo "1949"]
[PlyCount "53"]
[EventDate "2017.03.10"]
[EventType "swiss"]
[EventRounds "9"]
[EventCountry "GER"]
[SourceTitle "EXT 2018"]
[Source "ChessBase"]
[SourceDate "2017.10.13"]
[SourceVersion "1"]
[SourceVersionDate "2017.10.13"]
[SourceQuality "1"]

1. g3 d5 2. Bg2 c6 3. d3 Nf6 4. Nd2 Bf5 5. c4 e6 6. Ngf3 h6 7. 0-0 Be7 8. a3 a5 9. b3 Nbd7 10. cxd5 exd5 11. h3 0-0 12. Bb2 Re8 13. Nd4 Bg6 14. Qc2 Bf8 15. e4 dxe4 16. dxe4 Nh5 17. Rad1 Qe7 18. Nf5 Qc5 19. Nc4 Bxf5 20. Bd4 Bxe4 21. Bxe4 Qe7 22. Rfe1 Kh8 23. Bc3 Nc5 24. Bxc6 Qc7 25. Rxe8 Rxe8 26. Bxe8 Nxg3 27. Be5 1-0

[Event "Oberbayern Bezirksliga 1617"]
[Site "Germany"]
[Date "2017.02.05"]
[Round "5.5"]
[White "Kretschel, Klaus"]
[Black "Engelhardt, Etienne"]
[Result "0-1"]
[WhiteElo "1987"]
[BlackElo "1979"]
[PlyCount "64"]
[EventDate "2016.10.16"]
[EventType "team-tourn"]
[EventRounds "9"]
[EventCountry "GER"]
[SourceTitle "EXT 2019"]
[Source "ChessBase"]
[SourceDate "2018.10.10"]
[SourceVersion "1"]
[SourceVersionDate "2018.10.10"]
[SourceQuality "1"]
[WhiteTeam "Fuerstenfeldbruck"]
[BlackTeam "Traunstein/Traunreut"]
[WhiteTeamCountry "GER"]
[BlackTeamCountry "GER"]

1. Nf3 d5 2. g3 Bg4 3. Bg2 c6 4. 0-0 Nf6 5. b3 e6 6. Bb2 Be7 7. d3 0-0 8. Nbd2 c5 9. Ne5 Bh5 10. c4 Nbd7 11. Nxd7 Qxd7 12. cxd5 exd5 13. d4 b6 14. dxc5 bxc5 15. Re1 Rac8 16. Nf1 d4 17. Nd2 Rfd8 18. Nc4 Nd5 19. Qd2 Bf6 20. Rac1 Qf5 21. Ba3 Nc3 22. e4 dxe3 23. Qxe3 Bd4 24. Qd2 Nb5 25. Be4 Qf6 26. Rf1 Nxa3 27. Nxa3 Bb2 28. Qa5 Bxc1 29. Rxc1 Qe7 30. Re1 Qc7 31. Qc3 Bg6 32. Bf3 Rd3 0-1

[Event "Oberbayern Bezirksliga 1617"]
[Site "Germany"]
[Date "2016.10.16"]
[Round "1.3"]
[White "Kretschel, Klaus"]
[Black "Frank, Emanuel"]
[Result "1/2-1/2"]
[WhiteElo "1987"]
[BlackElo "2144"]
[PlyCount "80"]
[EventDate "2016.10.16"]
[EventType "team-tourn"]
[EventRounds "9"]
[EventCountry "GER"]
[SourceTitle "EXT 2019"]
[Source "ChessBase"]
[SourceDate "2018.10.10"]
[SourceVersion "1"]
[SourceVersionDate "2018.10.10"]
[SourceQuality "1"]
[WhiteTeam "Fuerstenfeldbruck"]
[BlackTeam "Freilassing"]
[WhiteTeamCountry "GER"]
[BlackTeamCountry "GER"]

1. Nf3 d5 2. d4 Nf6 3. Bf4 c5 4. e3 Nc6 5. c3 Qb6 6. Qb3 c4 7. Qxb6 axb6 8. Nbd2 b5 9. a3 e6 10. Rc1 Nh5 11. Be2 Nxf4 12. exf4 Bd6 13. g3 0-0 14. 0-0 Bd7 15. Rfe1 Rfe8 16. Nf1 Re7 17. Ne3 g6 18. h4 Kg7 19. Ne5 Be8 20. Nc2 f6 21. Ng4 Bf7 22. Bf3 Rae8 23. Kf1 Bc7 24. Rcd1 Rd7 25. Nge3 Red8 26. Bg4 Re7 27. Be2 h5 28. Nb4 Nxb4 29. axb4 e5 30. fxe5 fxe5 31. dxe5 Rxe5 32. Nc2 Bb6 33. f4 Re7 34. Bf3 Kf6 35. Rxe7 Kxe7 36. Nd4 Bxd4 37. Rxd4 Kd6 38. Ke2 Ra8 39. Rd2 Ra1 40. Ke3 Re1+ 1/2-1/2

[Event "Bad Woerishofen op 31st"]
[Site "Bad Woerishofen"]
[Date "2015.02.28"]
[Round "2"]
[White "Pitschka, Claus"]
[Black "Kretschel, Klaus"]
[Result "1-0"]
[WhiteElo "2213"]
[BlackElo "2043"]
[PlyCount "53"]
[EventDate "2015.02.27"]
[EventType "swiss"]
[EventRounds "9"]
[EventCountry "GER"]
[SourceTitle "CBM 165 Extra"]
[Source "ChessBase"]
[SourceDate "2015.04.21"]
[SourceVersion "1"]
[SourceVersionDate "2015.04.21"]
[SourceQuality "1"]

1. d4 d6 2. e4 Nf6 3. Nc3 g6 4. Nf3 Bg7 5. Bc4 c6 6. Qe2 0-0 7. e5 dxe5 8. dxe5 Nd5 9. Bd2 Bg4 10. h3 Bxf3 11. gxf3 Nxc3 12. Bxc3 b5 13. Bd3 Nd7 14. f4 e6 15. 0-0-0 Qc7 16. h4 Rfd8 17. h5 Nc5 18. hxg6 Nxd3+ 19. Rxd3 hxg6 20. Rdh3 a5 21. f3 Rd5 22. Qh2 Kf8 23. Rh8+ Bxh8 24. Qxh8+ Ke7 25. Qxa8 b4 26. Rh8 Rd8 27. Qxd8+ 1-0

[Event "Landesliga Sued 1213"]
[Site "Bayern"]
[Date "2012.11.25"]
[Round "3.7"]
[White "Kretschel, Klaus"]
[Black "Duraku, Emin"]
[Result "1-0"]
[WhiteElo "1999"]
[BlackElo "2009"]
[PlyCount "101"]
[EventDate "2012.10.14"]
[EventType "team-tourn"]
[EventRounds "9"]
[EventCountry "GER"]
[SourceTitle "EXT 2015"]
[Source "ChessBase"]
[SourceDate "2014.11.20"]
[SourceVersion "1"]
[SourceVersionDate "2014.11.20"]
[SourceQuality "1"]
[WhiteTeam "Germering"]
[BlackTeam "Ingolstadt"]
[WhiteTeamCountry "GER"]
[BlackTeamCountry "GER"]

1. e4 e6 2. d3 d5 3. Nd2 c5 4. g3 Nc6 5. Bg2 Nf6 6. Ne2 Be7 7. 0-0 0-0 8. h3 Qc7 9. c3 b6 10. Qc2 Rd8 11. Nf3 dxe4 12. dxe4 Ba6 13. Ne1 e5 14. Be3 Rd7 15. a3 Rad8 16. b3 Na5 17. c4 b5 18. Nc3 bxc4 19. b4 Nb3 20. Ra2 Bb7 21. b5 Qa5 22. Nf3 Nd4 23. Qb2 Bd6 24. Bd2 Qc7 25. Bg5 Nxf3+ 26. Bxf3 Be7 27. Qc2 Rd3 28. Be3 Qa5 29. Rc1 Bc8 30. Be2 Be6 31. a4 h6 32. Kg2 Qc7 33. Raa1 Qb7 34. Bf3 Qd7 35. Rh1 Qb7 36. Rae1 a6 37. Rb1 R8d6 38. bxa6 Qxa6 39. Be2 R3d4 40. Rb8+ Rd8 41. Rhb1 R4d7 42. R1b6 Qa5 43. Rb5 Qc7 44. Qb2 Rxb8 45. Rxb8+ Kh7 46. Rb5 Ne8 47. Nd5 Bxd5 48. exd5 Nf6 49. Qc2+ g6 50. Qxc4 Rxd5 51. Bf3 1-0

[Event "Munich OIS op 32nd"]
[Site "Munich"]
[Date "2012.10.05"]
[Round "7"]
[White "Kretschel, Klaus"]
[Black "Rusche, Johannes"]
[Result "1/2-1/2"]
[WhiteElo "2036"]
[BlackElo "2220"]
[PlyCount "50"]
[EventDate "2012.09.29"]
[EventType "swiss"]
[EventRounds "9"]
[EventCountry "GER"]
[SourceTitle "EXT 2013"]
[Source "ChessBase"]
[SourceDate "2012.11.22"]
[SourceVersion "1"]
[SourceVersionDate "2012.11.22"]
[SourceQuality "1"]

1. e4 e5 2. Nf3 Nc6 3. Bb5 Nf6 4. 0-0 Nxe4 5. d4 Nd6 6. Bxc6 dxc6 7. dxe5 Nf5 8. Qxd8+ Kxd8 9. Nc3 h6 10. h3 Be7 11. Bf4 Be6 12. Rad1+ Ke8 13. b3 a5 14. a4 Rd8 15. Rxd8+ Kxd8 16. Rd1+ Kc8 17. Ne2 c5 18. c4 Nh4 19. Nxh4 Bxh4 20. g4 h5 21. f3 Be7 22. Rd3 b6 23. Kg2 Bd7 24. Ng3 hxg4 25. hxg4 g6 1/2-1/2

[Event "Oberbayern-ch"]
[Site "Weilheim Marnbach"]
[Date "2012.05.??"]
[Round "5.11"]
[White "Kretschel, Klaus"]
[Black "Theumer, Lutz"]
[Result "0-1"]
[WhiteElo "2036"]
[BlackElo "2117"]
[PlyCount "80"]
[EventDate "2012.05.17"]
[EventType "swiss"]
[EventRounds "7"]
[EventCountry "GER"]
[SourceTitle "EXT 2022"]
[Source "ChessBase"]
[SourceDate "2021.10.06"]
[SourceVersion "1"]
[SourceVersionDate "2021.10.06"]
[SourceQuality "1"]

1. c4 e6 2. g3 d5 3. Bg2 Nf6 4. b3 c6 5. Nf3 Nbd7 6. Bb2 Bd6 7. 0-0 0-0 8. d4 b6 9. Nc3 a6 10. Rc1 Bb7 11. e3 Rc8 12. Qd3 h6 13. Rfd1 Qe7 14. Nd2 e5 15. cxd5 cxd5 16. dxe5 Nxe5 17. Qb1 b5 18. Ne2 Ba3 19. Nf3 Nxf3+ 20. Bxf3 Ne4 21. h4 Bc5 22. Bd4 Bxd4 23. Nxd4 Nc3 24. Rxc3 Rxc3 25. b4 Rfc8 26. Qb2 Qf6 27. Rb1 R3c7 28. Bg4 Rd8 29. Rc1 Rc4 30. Be2 Rxc1+ 31. Qxc1 Qd6 32. Nb3 Bc8 33. Qc5 Qxc5 34. bxc5 Bd7 35. Bf3 Bc6 36. Bg4 Bd7 37. Bf3 Be6 38. a3 Rc8 39. Bd1 Bf5 40. Nd4 Rxc5 0-1

[Event "Regionalliga SO 1112"]
[Site "Bayern"]
[Date "2011.10.23"]
[Round "2.6"]
[White "Haslsperger, Martin"]
[Black "Kretschel, Klaus"]
[Result "1/2-1/2"]
[WhiteElo "1943"]
[BlackElo "1958"]
[PlyCount "84"]
[EventDate "2011.10.02"]
[EventType "team-tourn"]
[EventRounds "9"]
[EventCountry "GER"]
[SourceTitle "EXT 2013"]
[Source "ChessBase"]
[SourceDate "2012.11.22"]
[SourceVersion "1"]
[SourceVersionDate "2012.11.22"]
[SourceQuality "1"]
[WhiteTeam "Ebersberg Grafing"]
[BlackTeam "Unterpfaffenhofen"]
[WhiteTeamCountry "GER"]
[BlackTeamCountry "GER"]

1. d4 f5 2. c4 Nf6 3. Nc3 g6 4. g3 Bg7 5. Bg2 0-0 6. Nf3 d6 7. 0-0 Nc6 8. Qb3 Ne4 9. c5+ e6 10. cxd6 cxd6 11. Rd1 Na5 12. Qb4 Nxc3 13. Qxc3 Bd7 14. Bd2 b6 15. Qd3 Rc8 16. Rac1 Bc6 17. b4 Be4 18. Qb5 Nc6 19. Be3 Qd7 20. Ng5 Bxg2 21. Kxg2 d5 22. Rc2 h6 23. Nf3 Qb7 24. Rdc1 Ne7 25. Qa4 b5 26. Qa3 Rxc2 27. Rxc2 Rc8 28. Rxc8+ Nxc8 29. Qc1 g5 30. h4 g4 31. Ne1 Kh7 32. Kf1 Nd6 33. Qc5 Ne4 34. Qc2 Bf8 35. Nd3 Bd6 36. Bf4 Qd7 37. a3 Bxf4 38. Nxf4 Nd6 39. Qc5 Kg7 40. Nd3 Ne4 41. Qc1 Nd6 42. Qf4 Nc4 1/2-1/2